Sanskriti : (Record no. 1215898)

MARC details
000 -LEADER
fixed length control field 00542nam a22001937a 4500
003 - CONTROL NUMBER IDENTIFIER
control field OSt
005 - DATE AND TIME OF LATEST TRANSACTION
control field 20240917144033.0
008 - FIXED-LENGTH DATA ELEMENTS--GENERAL INFORMATION
fixed length control field 240917b |||||||| |||| 00| 0 eng d
024 ## - OTHER STANDARD IDENTIFIER
Source of number or code SDCL
Standard number or code SDCL
040 ## - CATALOGING SOURCE
Original cataloging agency SDCL
Language of cataloging hin
Transcribing agency SDCL
Modifying agency SDCL
041 ## - LANGUAGE CODE
Language code of text/sound track or separate title hin
082 ## - DEWEY DECIMAL CLASSIFICATION NUMBER
Edition number Y:1 K9
100 ## - MAIN ENTRY--PERSONAL NAME
Personal name Shalya, Yashdev
245 ## - TITLE STATEMENT
Title Sanskriti :
Remainder of title Manav-kartratva ki vyakhya /
Statement of responsibility, etc. Yashdev Shalya.
260 ## - PUBLICATION, DISTRIBUTION, ETC.
Place of publication, distribution, etc. Jaipur :
Name of publisher, distributor, etc. Samajik Vigyan Hindi Rachna Kendra,
Date of publication, distribution, etc. 1969.
300 ## - PHYSICAL DESCRIPTION
Extent 143p.
942 ## - ADDED ENTRY ELEMENTS (KOHA)
Source of classification or shelving scheme Colon Classification (CC)
Koha item type Textual
Classification part Y:1 K9
Suppress in OPAC No
Holdings
Withdrawn status Lost status Source of classification or shelving scheme Damaged status Not for loan Home library Current library Date acquired Total Checkouts Full call number Barcode Date last seen Price effective from Koha item type
    Colon Classification (CC)     South Campus Library South Campus Library 2024-09-17   Y:1 K9 SC0610514 2024-09-17 2024-09-17 Textual
Copyright @ Delhi University Library System